Quiz o PKM Jaworzno Urbanmove - Statystyki

Ogólne statystyki
  • Ten quiz został rozwiązany 30 razy
    26 od ostatniego zresetowania
  • Średni wynik to 8 z 15
Statystyki odpowiedzi
Pytanie Odpowiedż % Poprawnych
Ile jest Solarisów w PKM Jaworzno Urbanmove(Bez Autobusów dla adminów) 2
94%
Ile jest lini które obsługują przystanek "Centrum" 3
88%
Ile jest lini w PKM Jaworzno Urbanmove? 4
71%
Ile jest autobusów w PKM Jaworzno Urbanmove(Bez autobusów dla adminów) 4
71%
Czy istnieje przystanek "Jaworzno Centrum Logistyczne" Nie
65%
Czy istnieje linia S? Nie
65%
czy linia E i 350 mają kursy z "Krakowska Pętla" Tak
65%
Najdłuższa Linia A
59%
Linia która ma dwa warianty(Oprócz 350) E
53%
Ile linia E ma przystanków(W jedną strone) 21
47%
Skąd jedzie linia 313 w kierunku Osiedle Stałe Bory
29%
Jedyna Linia która jedzie przez Jeleń 374
24%
Jaka linia nie istnieje w realu 313
18%
Kto jest twórcą PKM Jaworzno(Na roblox) Sooobtre
18%
Skąd jedzie Linia E w kierunku: Krakowska Pętla i Byczyna Astrów Sosnowiec
18%
Nie znaleziono quizów pasujących do podanych kryteriów
Rozkład punktacji
Procent ludzi z każdym wynikiem
Percentyl według liczby udzielonych odpowiedzi
Twoja historia wyników
Nie rozwiązałeś tego quizu od ostatniego zresetowania